000 01053nam a2200313Ia 4500
001 3516
003 BD-DhEWU
005 20190116114309.0
008 110604s2003 ii a g 001 0 eng d
020 _a8120321820
035 _a(OCoLC) 56953038
040 _aBD-DhEWU
_dBD-DhEWU
_beng
_cBD-DhEWU
041 _aeng
082 0 4 _a658.788
_bKAB 2003
_222
100 1 _aKapoor, Satish K.
_911593
245 1 0 _aBasics of distribution management :
_ba logical approach /
_cSatish K Kapoor; Purva Kansal
260 _aNew Delhi :
_bPrentice-Hall,
_cc2003.
300 _axi, 260 p. :
_b ill. ;
_c24 cm.
504 _aIncludes bibliographical references and index.
526 _aBA
590 _aShaharima Parvin
650 0 _aPhysical distribution
_910732
653 0 0 _aTransportation
653 0 0 _aManagement
700 1 _aKansal, Purva
_911594
856 4 2 _3WorldCat details
_uhttps://www.worldcat.org/title/basics-of-distribution-management-a-logistical-approach/oclc/56953038&referer=brief_results
942 _cTEXT
_2ddc
999 _c3516
_d3516
999 _c3516
_d3516